Statystyki dla Współczesne państwa Cesarstwa Rzymskiego na mapie

Kliknij tutaj aby rozwiązać quiz!

Ogólne statystyki

  • Ten quiz został rozwiązany 363 razy
  • Średni wynik to 46 z 50

Odpowiedzi na mapie

Odpowiedzi skodowane kolorowo w zielono-czerwonej skali na mapie do tego quizu, zgodnie z poniższymi procentami.
 

Statystyki odpowiedzi

Kraj% Poprawnych
Francja
98%
Włochy
98%
Hiszpania
97%
Niemcy
97%
Portugalia
97%
Turcja
97%
Wielka Brytania
97%
Belgia
96%
Egipt
96%
Grecja
96%
Holandia
96%
Luksemburg
96%
Szwajcaria
96%
Algieria
95%
Andora
95%
Austria
95%
Rumunia
95%
Watykan
95%
Albania
94%
Chorwacja
94%
Maroko
94%
San Marino
94%
Serbia
94%
Słowacja
94%
Węgry
94%
Bośnia i Hercegowina
93%
Bułgaria
93%
Izrael
93%
Kosowo
93%
Monako
93%
Słowenia
93%
Tunezja
93%
Cypr
92%
Malta
92%
Czarnogóra
91%
Irak
91%
Libia
91%
Macedonia Północna
91%
Ukraina
91%
Liechtenstein
90%
Rosja
90%
Arabia Saudyjska
89%
Iran
89%
Syria
88%
Gruzja
87%
Armenia
86%
Liban
85%
Azerbejdżan
83%
Jordania
81%
Kuwejt
74%

Rozkład punktacji

Percentyl według liczby udzielonych odpowiedzi

Procent ludzi z każdym wynikiem

Twoja historia wyników

Nie rozwiązałeś tego quizu